00345nam a22001457a 4500008004100000020001800041041000800059080002000067082002000087100000700107101000800114245004800122942001200170999001700182181122b xxu||||| |||| 00| 0 eng d a9780815104384 aeng a618 MAZZ a618 MAZZ a10 aEND aThe year book of EndocrinologycBagdade.J.D 2udccBK c52359d52359